[Event "Mittelfrank Regionalliga Nord-Ost 2223"]
[Site "Mittelfranken"]
[Date "2023.01.15"]
[Round "5.6"]
[White "Goetz, Martin"]
[Black "Ross, Thomas"]
[Result "0-1"]
[WhiteElo "1823"]
[BlackElo "1918"]
[PlyCount "76"]
[EventDate "2022.10.09"]
[EventType "team-tourn"]
[EventRounds "9"]
[EventCountry "GER"]
[SourceTitle "EXT 2024"]
[Source "ChessBase"]
[SourceDate "2023.10.10"]
[SourceVersion "1"]
[SourceVersionDate "2023.10.10"]
[SourceQuality "1"]
[WhiteTeam "Buechenbach/Roth"]
[BlackTeam "Nuernberg Jaeklechemie"]
[WhiteTeamCountry "GER"]
[BlackTeamCountry "GER"]

1. c4 Nf6 2. Nc3 e5 3. g3 Nc6 4. Bg2 Bc5 5. a3 a5 6. Nf3 d6 7. 0-0 Be6 8. d3 h6 9. Bd2 Qd7 10. Nb5 0-0 11. Qc2 Bf5 12. Bc3 Rfe8 13. Nd2 Bh7 14. Nb3 Bb6 15. Qd1 a4 16. Nd2 Nd8 17. Bb4 d5 18. Rc1 c5 19. Bc3 d4 20. Qc2 dxc3 21. Nxc3 Ne6 22. Nf3 Nd4 23. Nxd4 exd4 24. Nd5 Bd8 25. b4 Nxd5 26. Bxd5 cxb4 27. axb4 Bf5 28. Ra1 Be6 29. Be4 Be7 30. b5 a3 31. Ra2 Bc5 32. Qd2 Bxc4 33. Bxb7 Bxa2 34. Bxa8 Rxa8 35. Qxa2 Qxb5 36. Rb1 Qxb1+ 37. Qxb1 a2 38. Qa1 Bb4 0-1

[Event "Mittelfrank Regionalliga Nord-Ost 2223"]
[Site "Mittelfranken"]
[Date "2022.11.27"]
[Round "3.6"]
[White "Ross, Thomas"]
[Black "Borisov, Ivaylo"]
[Result "1/2-1/2"]
[WhiteElo "1918"]
[BlackElo "1703"]
[PlyCount "121"]
[EventDate "2022.10.09"]
[EventType "team-tourn"]
[EventRounds "9"]
[EventCountry "GER"]
[SourceTitle "EXT 2024"]
[Source "ChessBase"]
[SourceDate "2023.10.10"]
[SourceVersion "1"]
[SourceVersionDate "2023.10.10"]
[SourceQuality "1"]
[WhiteTeam "Nuernberg Jaeklechemie"]
[BlackTeam "Forchheim SC"]
[WhiteTeamCountry "GER"]
[BlackTeamCountry "GER"]

1. e4 e5 2. Nf3 Nf6 3. Nc3 Nc6 4. Bb5 d6 5. d3 Bd7 6. Bg5 Be7 7. 0-0 0-0 8. d4 Nxd4 9. Nxd4 exd4 10. Qxd4 Bxb5 11. Nxb5 a6 12. Nc3 Nd7 13. Bxe7 Qxe7 14. Nd5 Qd8 15. c4 Re8 16. Rfe1 Rc8 17. Rad1 Re6 18. Re3 Rg6 19. Rg3 Rxg3 20. hxg3 Nf6 21. Nxf6+ Qxf6 22. Qxf6 gxf6 23. Rd5 Re8 24. f3 Re5 25. g4 Kf8 26. Kf2 Ke7 27. Kg3 c6 28. Rd1 h5 29. Rd2 hxg4 30. Kxg4 Rg5+ 31. Kf4 Ke6 32. g4 Ra5 33. b3 b5 34. a4 bxc4 35. bxc4 Rxa4 36. Rc2 d5 37. cxd5+ cxd5 38. Rc6+ Ke7 39. Rc7+ Kf8 40. Kf5 dxe4 41. Kxf6 Ke8 42. Re7+ Kf8 43. fxe4 Rb4 44. Rxf7+ Kg8 45. Re7 a5 46. g5 Rb6+ 47. Kf5 Ra6 48. e5 Ra8 49. Kf6 a4 50. Rg7+ Kh8 51. Rd7 a3 52. Rd1 a2 53. Ra1 Kg8 54. e6 Kf8 55. g6 Ra6 56. g7+ Kg8 57. Ke7 Kxg7 58. Rg1+ Kh6 59. Ra1 Kg6 60. Kd7 Ra7+ 61. Kd6 1/2-1/2

[Event "Mittelfranken-chTB2a 1920"]
[Site "Mittelfranken"]
[Date "2019.12.01"]
[Round "3.7"]
[White "Nickmann, Peter"]
[Black "Ross, Thomas"]
[Result "0-1"]
[WhiteElo "1895"]
[BlackElo "1906"]
[PlyCount "47"]
[EventDate "2019.10.13"]
[EventType "team-tourn"]
[EventRounds "9"]
[EventCountry "GER"]
[SourceTitle "EXT 2023"]
[Source "ChessBase"]
[SourceDate "2022.10.05"]
[SourceVersion "1"]
[SourceVersionDate "2022.10.05"]
[SourceQuality "1"]
[WhiteTeam "Fuerth SF"]
[BlackTeam "Nuernberg Jaeklechemie"]
[WhiteTeamCountry "GER"]
[BlackTeamCountry "GER"]

1. e4 Nf6 2. Nc3 d5 3. exd5 Nxd5 4. Nxd5 Qxd5 5. Qf3 Qxf3 6. Nxf3 Bf5 7. c3 Nd7 8. d4 0-0-0 9. Ng5 Bg6 10. Bc4 e6 11. 0-0 h6 12. Nf3 Bd6 13. Be3 Kb8 14. Rfe1 Rhf8 15. a4 Bh5 16. Ne5 Nxe5 17. dxe5 Bxe5 18. Bxa7+ Kxa7 19. Rxe5 Rd1+ 20. Re1 Rd2 21. b4 Rfd8 22. f3 Bg6 23. Rac1 Bd3 24. Rcd1 0-1

[Event "Mittelfranken-chTB2a 1819"]
[Site "Mittelfranken"]
[Date "2019.03.17"]
[Round "7.5"]
[White "Witt, Alfred"]
[Black "Ross, Thomas"]
[Result "1-0"]
[WhiteElo "1820"]
[BlackElo "1949"]
[PlyCount "119"]
[EventDate "2018.10.14"]
[EventType "team-tourn"]
[EventRounds "9"]
[EventCountry "GER"]
[SourceTitle "EXT 2022"]
[Source "ChessBase"]
[SourceDate "2021.10.06"]
[SourceVersion "1"]
[SourceVersionDate "2021.10.06"]
[SourceQuality "1"]
[WhiteTeam "Ansbach/Bad Windsheim"]
[BlackTeam "Jaecklechemie SC"]
[WhiteTeamCountry "GER"]
[BlackTeamCountry "GER"]

1. e4 Nf6 2. e5 Nd5 3. d4 d6 4. Bc4 Nb6 5. Bb3 dxe5 6. Qh5 e6 7. dxe5 c5 8. Qg4 Qc7 9. Be3 Nc6 10. Nf3 Nxe5 11. Nxe5 Qxe5 12. Nc3 Bd7 13. 0-0-0 h5 14. Qe2 Be7 15. f4 Qc7 16. f5 0-0-0 17. fxe6 fxe6 18. a4 Kb8 19. Rhf1 Rdf8 20. Rxf8+ Rxf8 21. Qxh5 Nc8 22. Qg4 Bf6 23. Bf4 Be5 24. Bxe5 Qxe5 25. Rxd7 Qxh2 26. Qxg7 Rf1+ 27. Rd1 Qf4+ 28. Kb1 c4 29. Ba2 e5 30. b3 Rxd1+ 31. Nxd1 Qd4 32. Kc1 c3 33. Nxc3 Qxc3 34. Bb1 Nb6 35. g4 Qe3+ 36. Kb2 Qd4+ 37. c3 Qe3 38. g5 e4 39. Qe5+ Kc8 40. g6 Qf2+ 41. Ka3 Qf8+ 42. Kb2 Qf2+ 43. Bc2 e3 44. g7 Qf7 45. Bf5+ Nd7 46. Bxd7+ Kxd7 47. Qb5+ Kd6 48. Qb4+ Ke5 49. Qf8 Qf2+ 50. Ka3 Ke4 51. g8Q Qxf8+ 52. Qxf8 Kd3 53. Kb2 e2 54. Qd6+ Ke3 55. Qg3+ Kd2 56. Qf2 b6 57. b4 Kd1 58. Qd4+ Ke1 59. Kc2 Kf1 60. Qf4+ 1-0

[Event "Mittelfranken-chTB2a 1819"]
[Site "Mittelfranken"]
[Date "2019.01.27"]
[Round "4.5"]
[White "Ross, Thomas"]
[Black "Heller, Michael"]
[Result "1-0"]
[WhiteElo "1949"]
[BlackElo "1714"]
[PlyCount "145"]
[EventDate "2018.10.14"]
[EventType "team-tourn"]
[EventRounds "9"]
[EventCountry "GER"]
[SourceTitle "EXT 2022"]
[Source "ChessBase"]
[SourceDate "2021.10.06"]
[SourceVersion "1"]
[SourceVersionDate "2021.10.06"]
[SourceQuality "1"]
[WhiteTeam "Jaecklechemie SC"]
[BlackTeam "Buechenbach/Roth II"]
[WhiteTeamCountry "GER"]
[BlackTeamCountry "GER"]

1. e4 c5 2. Nc3 Nc6 3. g3 Nf6 4. Bg2 e5 5. d3 Be7 6. f4 d6 7. Nf3 Bd7 8. a3 Qb6 9. Nd5 Nxd5 10. exd5 Nd4 11. fxe5 Nxf3+ 12. Qxf3 dxe5 13. 0-0 0-0 14. d6 Bxd6 15. Qxb7 Qxb7 16. Bxb7 Rab8 17. Bd5 Bh3 18. Bg2 Be6 19. b3 Rfc8 20. Bd2 f6 21. Be4 Rc7 22. a4 Rbc8 23. Bf5 Re8 24. Bxe6+ Rxe6 25. Rae1 Rce7 26. Re4 Rf7 27. Be3 Rc7 28. g4 g6 29. Rc4 a6 30. Kg2 Kg7 31. h3 Ree7 32. Kf3 f5 33. gxf5 gxf5 34. Rg1+ Kf7 35. Bg5 Re8 36. Rh4 Ke6 37. Be3 Rf7 38. Rh6+ Kd7 39. Rh4 Ke6 40. Re1 Kd5 41. Rd1 Ke6 42. Bf2 Rg8 43. Rg1 Rxg1 44. Bxg1 Rg7 45. Bf2 Rf7 46. Rh6+ Kd5 47. Rh5 Ke6 48. Rg5 Be7 49. Rg8 Rf8 50. Rg7 Rf7 51. Rg1 Bd6 52. Rb1 Kd5 53. Rg1 e4+ 54. dxe4+ fxe4+ 55. Ke2 Rf3 56. Rg5+ Kc6 57. Rh5 Rf7 58. Rh6 Kd5 59. c4+ Kc6 60. Bg3 Rd7 61. Ke3 Kc7 62. Rxd6 Rxd6 63. Kxe4 Kd7 64. Bxd6 Kxd6 65. Kf5 Kc6 66. a5 Kd6 67. Kf6 h6 68. h4 h5 69. Kf5 Ke7 70. Ke5 Kd7 71. Kd5 Kc7 72. Kxc5 Kb7 73. b4 1-0

[Event "Mittelfranken-chTB2a 1415"]
[Site "Mittelfranken"]
[Date "2015.02.08"]
[Round "6.1"]
[White "Rhein, Thomas"]
[Black "Ross, Thomas"]
[Result "0-1"]
[WhiteElo "1905"]
[BlackElo "1925"]
[PlyCount "90"]
[EventDate "2014.09.28"]
[EventType "team-tourn"]
[EventRounds "9"]
[EventCountry "GER"]
[SourceTitle "EXT 2020"]
[Source "ChessBase"]
[SourceDate "2019.10.17"]
[SourceVersion "1"]
[SourceVersionDate "2019.10.17"]
[SourceQuality "1"]
[WhiteTeam "Nuernberg Sued SW IV"]
[BlackTeam "Buechenbach/Roth II"]
[WhiteTeamCountry "GER"]
[BlackTeamCountry "GER"]

1. d4 d6 2. Nf3 Nd7 3. Bf4 g6 4. e3 Bg7 5. Bc4 h6 6. h3 Ngf6 7. Nbd2 c6 8. c3 0-0 9. 0-0 Qc7 10. Qc2 Kh7 11. e4 e5 12. Bh2 b5 13. Be2 Nh5 14. a4 Rb8 15. g4 Nf4 16. Bxf4 exf4 17. c4 bxc4 18. Bxc4 c5 19. Nb3 cxd4 20. Nbxd4 Ne5 21. Nxe5 Bxe5 22. Nb5 Qe7 23. Kg2 Qh4 24. Be2 Be6 25. Rab1 Rfc8 26. Qd2 a6 27. Nc3 Bc4 28. Rh1 Qg5 29. Bf3 Rb3 30. h4 Qd8 31. Rbc1 Qa5 32. Be2 Bxe2 33. Qxe2 Rcb8 34. Qc4 Kg7 35. Nd1 Qd2 36. Rc2 f3+ 37. Kh3 Qf4 38. Nc3 Bxc3 39. bxc3 Rb1 40. Rf1 Rxf1 41. Qxf1 Qxe4 42. Rd2 h5 43. gxh5 Qf5+ 44. Kg3 gxh5 45. Qh3 Qe5+ 0-1

[Event "Mittelfranken-chTB1 1314"]
[Site "Mittelfranken"]
[Date "2014.05.04"]
[Round "9.1"]
[White "Ross, Thomas"]
[Black "Sattler, Stefan"]
[Result "1/2-1/2"]
[WhiteElo "1925"]
[BlackElo "2048"]
[PlyCount "67"]
[EventDate "2013.10.20"]
[EventType "team-tourn"]
[EventRounds "9"]
[EventCountry "GER"]
[SourceTitle "EXT 2020"]
[Source "ChessBase"]
[SourceDate "2019.10.17"]
[SourceVersion "1"]
[SourceVersionDate "2019.10.17"]
[SourceQuality "1"]
[WhiteTeam "Buechenbach/Roth II"]
[BlackTeam "Herzogenaurach"]
[WhiteTeamCountry "GER"]
[BlackTeamCountry "GER"]

1. e4 e6 2. d3 d5 3. Nd2 Nf6 4. Ngf3 b6 5. g3 dxe4 6. dxe4 Bb7 7. Bb5+ Nbd7 8. 0-0 a6 9. Bd3 Nc5 10. Qe2 Nxd3 11. cxd3 c5 12. b3 Be7 13. Bb2 0-0 14. Rad1 b5 15. Rc1 Rc8 16. Rfd1 Qb6 17. Ne1 Rfd8 18. Ng2 Nd7 19. Ne3 Bf6 20. Bxf6 Nxf6 21. Nf3 Rc7 22. Rd2 Nd7 23. Rcd1 Rdc8 24. h3 f6 25. Kh2 Nf8 26. Rc2 Qc6 27. Nd2 Qe8 28. Rdc1 Qd7 29. Nf3 Ng6 30. Rd2 Ne7 31. Rdc2 Ng6 32. Rd2 Ne7 33. Rdc2 Ng6 34. Rd2 1/2-1/2

[Event "Mittelfranken-chTB1 1314"]
[Site "Mittelfranken"]
[Date "2014.03.30"]
[Round "8.1"]
[White "Scheremet, Michael"]
[Black "Ross, Thomas"]
[Result "1-0"]
[WhiteElo "2175"]
[BlackElo "1925"]
[PlyCount "79"]
[EventDate "2013.10.20"]
[EventType "team-tourn"]
[EventRounds "9"]
[EventCountry "GER"]
[SourceTitle "EXT 2020"]
[Source "ChessBase"]
[SourceDate "2019.10.17"]
[SourceVersion "1"]
[SourceVersionDate "2019.10.17"]
[SourceQuality "1"]
[WhiteTeam "Postbauer Heng"]
[BlackTeam "Buechenbach/Roth II"]
[WhiteTeamCountry "GER"]
[BlackTeamCountry "GER"]

1. d4 Nf6 2. Bg5 g6 3. Bxf6 exf6 4. c4 f5 5. Nf3 Bg7 6. e3 0-0 7. Nc3 b6 8. Be2 a5 9. 0-0 Re8 10. a3 Bb7 11. Rc1 d6 12. Na4 Na6 13. Qb3 Rb8 14. Qd3 Qf6 15. g3 Rbd8 16. Nd2 f4 17. gxf4 g5 18. f5 d5 19. c5 bxc5 20. Nxc5 Nxc5 21. Rxc5 Ra8 22. Qc2 Bf8 23. Rxc7 Rac8 24. Rxc8 Bxc8 25. Rc1 Bd6 26. Bf3 Bxf5 27. Qa4 Rb8 28. b3 Qh6 29. Nf1 Bd3 30. Ng3 Be4 31. Bxe4 dxe4 32. Qxa5 Qe6 33. Qxg5+ Kh8 34. b4 Rg8 35. Qh5 Ra8 36. Qf5 Bxg3 37. Qxe6 Bxf2+ 38. Kxf2 fxe6 39. Ra1 Rf8+ 40. Ke2 1-0

[Event "Mittelfranken-chTB1 1314"]
[Site "Mittelfranken"]
[Date "2014.01.26"]
[Round "5.1"]
[White "Ross, Thomas"]
[Black "Manthey, Frank"]
[Result "0-1"]
[WhiteElo "1925"]
[BlackElo "2019"]
[PlyCount "84"]
[EventDate "2013.10.20"]
[EventType "team-tourn"]
[EventRounds "9"]
[EventCountry "GER"]
[SourceTitle "EXT 2020"]
[Source "ChessBase"]
[SourceDate "2019.10.17"]
[SourceVersion "1"]
[SourceVersionDate "2019.10.17"]
[SourceQuality "1"]
[WhiteTeam "Buechenbach/Roth II"]
[BlackTeam "Schwanstetten"]
[WhiteTeamCountry "GER"]
[BlackTeamCountry "GER"]

1. e4 c5 2. Nc3 Nc6 3. f4 g6 4. Nf3 Bg7 5. Bb5 e6 6. Bxc6 bxc6 7. 0-0 d5 8. d3 Ne7 9. Qe1 Ba6 10. Kh1 Rb8 11. Qf2 c4 12. Qxa7 Ra8 13. Qc5 cxd3 14. cxd3 d4 15. Nd1 Bxd3 16. Re1 Ra5 17. Qb4 c5 18. Qd2 Bb5 19. b4 cxb4 20. Qxb4 Nc6 21. Qb2 Ba4 22. Bd2 Ra7 23. Nf2 0-0 24. Nd3 Qa8 25. a3 Rb7 26. Bb4 Rfb8 27. Qd2 Bb5 28. Nc5 Ra7 29. Qb2 Rd8 30. e5 d3 31. Red1 Nxb4 32. axb4 Rxa1 33. Rxa1 Qd5 34. h4 Bf8 35. Qc3 Rc8 36. Ra5 Qc4 37. Qxc4 Bxc4 38. Nd2 Bd5 39. Kg1 Rb8 40. Ra4 Rxb4 41. Ra5 Bxc5+ 42. Rxc5 Rb2 0-1

[Event "Mittelfranken-chTB1 1314"]
[Site "Mittelfranken"]
[Date "2014.01.12"]
[Round "4.1"]
[White "Abel, Peter"]
[Black "Ross, Thomas"]
[Result "1-0"]
[WhiteElo "2173"]
[BlackElo "1925"]
[PlyCount "67"]
[EventDate "2013.10.20"]
[EventType "team-tourn"]
[EventRounds "9"]
[EventCountry "GER"]
[SourceTitle "EXT 2020"]
[Source "ChessBase"]
[SourceDate "2019.10.17"]
[SourceVersion "1"]
[SourceVersionDate "2019.10.17"]
[SourceQuality "1"]
[WhiteTeam "Nuernberg Sued SW III"]
[BlackTeam "Buechenbach/Roth II"]
[WhiteTeamCountry "GER"]
[BlackTeamCountry "GER"]

1. c4 e5 2. Nc3 Nc6 3. g3 f5 4. Bg2 Nf6 5. d3 Be7 6. e3 0-0 7. Nge2 d6 8. 0-0 Bd7 9. Rb1 a5 10. a3 Qe8 11. b4 axb4 12. axb4 Nd8 13. d4 e4 14. f3 exf3 15. Bxf3 Be6 16. Qd3 Qd7 17. Nf4 Bf7 18. e4 g5 19. Nfd5 Nxd5 20. Nxd5 Bg6 21. exf5 Bxf5 22. Be4 Bxe4 23. Rxf8+ Bxf8 24. Qxe4 Qg7 25. Bb2 Ra2 26. Nc3 Ra8 27. Rf1 Nc6 28. Nd5 Ra2 29. Qb1 Ra4 30. b5 Na5 31. Nf6+ Kh8 32. Nxh7 Qxh7 33. Rxf8+ Kg7 34. Rf7+ 1-0

[Event "Mittelfranken-chTB1 1314"]
[Site "Mittelfranken"]
[Date "2013.12.01"]
[Round "3.1"]
[White "Ross, Thomas"]
[Black "Fuchs, Gerhard"]
[Result "1/2-1/2"]
[WhiteElo "1925"]
[BlackElo "2034"]
[PlyCount "100"]
[EventDate "2013.10.20"]
[EventType "team-tourn"]
[EventRounds "9"]
[EventCountry "GER"]
[SourceTitle "EXT 2020"]
[Source "ChessBase"]
[SourceDate "2019.10.17"]
[SourceVersion "1"]
[SourceVersionDate "2019.10.17"]
[SourceQuality "1"]
[WhiteTeam "Buechenbach/Roth II"]
[BlackTeam "Nuernberg SK 1911"]
[WhiteTeamCountry "GER"]
[BlackTeamCountry "GER"]

1. e4 e6 2. d3 d5 3. Nd2 c5 4. Ngf3 Nf6 5. g3 Nc6 6. Bg2 Be7 7. 0-0 0-0 8. Re1 Qc7 9. c3 dxe4 10. dxe4 e5 11. Qe2 b6 12. Nh4 g6 13. Nf1 a5 14. Bg5 Ba6 15. Qf3 Nd7 16. Bh6 Rfd8 17. Ne3 Bxh4 18. Nd5 Qd6 19. gxh4 Ne7 20. Bg5 Nxd5 21. Bxd8 Nf4 22. Bg5 Nd3 23. Rad1 c4 24. Re3 f6 25. Bh6 N7c5 26. Rd2 a4 27. h5 Kf7 28. Qg3 Bb7 29. h4 Rg8 30. Qg4 Qe6 31. Qd1 b5 32. Kh2 Ke7 33. Bh3 Qc6 34. Bg2 Qe8 35. b4 Ne6 36. Rexd3 cxd3 37. Rxd3 gxh5 38. Rg3 Rxg3 39. fxg3 Qg6 40. Be3 Bxe4 41. Bh3 Bd3 42. Bg2 e4 43. Bh3 Qe8 44. a3 Ng7 45. Bc5+ Kf7 46. Qd2 Kg6 47. Qf2 Qd8 48. Bd4 Qd6 49. Be3 Bc4 50. Bd4 Bd3 1/2-1/2

[Event "Mittelfranken-chTB2b 1213"]
[Site "Germany"]
[Date "2013.03.10"]
[Round "9.1"]
[White "Ross, Thomas"]
[Black "Ahmels, Christian"]
[Result "0-1"]
[WhiteElo "1989"]
[BlackElo "2065"]
[PlyCount "72"]
[EventDate "2012.10.07"]
[EventType "team-tourn"]
[EventRounds "9"]
[EventCountry "GER"]
[SourceTitle "EXT 2019"]
[Source "ChessBase"]
[SourceDate "2018.10.10"]
[SourceVersion "1"]
[SourceVersionDate "2018.10.10"]
[SourceQuality "1"]
[WhiteTeam "Buechenbach/Roth II"]
[BlackTeam "Muehlhof/Schwabach"]
[WhiteTeamCountry "GER"]
[BlackTeamCountry "GER"]

1. Nf3 c5 2. g3 Nf6 3. Bg2 d5 4. 0-0 Nc6 5. c4 e6 6. cxd5 Nxd5 7. Nc3 Be7 8. e4 Ndb4 9. Ne1 0-0 10. a3 Nd3 11. Nxd3 Qxd3 12. Re1 f6 13. Re3 Qd7 14. d3 Rd8 15. b3 Rb8 16. Bb2 b5 17. Bh3 Qe8 18. Ne2 e5 19. Bxc8 Rbxc8 20. a4 b4 21. g4 Bf8 22. Rh3 Qe6 23. Nc1 Na5 24. Rb1 c4 25. bxc4 Qxc4 26. g5 Qxe4 27. Nb3 Qf5 28. Rg3 Nxb3 29. Qxb3+ Kh8 30. Re1 Bc5 31. Re2 Rd7 32. g6 h6 33. Bc1 Rcd8 34. Kg2 Rxd3 35. Rxd3 Rxd3 36. Qf7 Qf3+ 0-1

[Event "Mittelfranken-chTB1 1213"]
[Site "Germany"]
[Date "2012.12.02"]
[Round "4.8"]
[White "Adelhuette, Dennis"]
[Black "Ross, Thomas"]
[Result "0-1"]
[WhiteElo "1925"]
[BlackElo "1989"]
[PlyCount "96"]
[EventDate "2012.10.07"]
[EventType "team-tourn"]
[EventRounds "9"]
[EventCountry "GER"]
[SourceTitle "EXT 2019"]
[Source "ChessBase"]
[SourceDate "2018.10.10"]
[SourceVersion "1"]
[SourceVersionDate "2018.10.10"]
[SourceQuality "1"]
[WhiteTeam "Erlangen SC II"]
[BlackTeam "Buechenbach/Roth"]
[WhiteTeamCountry "GER"]
[BlackTeamCountry "GER"]

1. d4 d6 2. c4 e5 3. e3 Nf6 4. Nf3 Nbd7 5. Nc3 Be7 6. Bd3 c6 7. 0-0 a6 8. a4 a5 9. b3 0-0 10. Ba3 Re8 11. Qc2 Qc7 12. Rad1 Nf8 13. dxe5 dxe5 14. Bxe7 Qxe7 15. Ng5 Bg4 16. f3 Bh5 17. Nce4 Nxe4 18. Nxe4 Bg6 19. Rd2 Rad8 20. Rfd1 Ne6 21. Qc3 Bxe4 22. Bxe4 Rxd2 23. Rxd2 Qb4 24. Qd3 g6 25. Qe2 Qxb3 26. Bc2 Qb6 27. Rd1 Rd8 28. Rb1 Qa7 29. g3 Qb8 30. Be4 Qc7 31. Qb2 Nc5 32. Qa3 Na6 33. Qc3 Nb4 34. Bc2 Qe7 35. Kg2 Qc5 36. Rd1 Rxd1 37. Bxd1 Nd5 38. Qd2 Nxe3+ 39. Kh3 Nxd1 40. Qxd1 Qxc4 41. Qd8+ Kg7 42. Qxa5 Qf1+ 43. Kg4 h5+ 44. Kh4 Qxf3 45. Kh3 Qf1+ 46. Kh4 Qe2 47. h3 Kh6 48. Qd8 Qe4+ 0-1

[Event "Mittelfranken-chTB2b 1213"]
[Site "Germany"]
[Date "2012.10.21"]
[Round "2.1"]
[White "Ross, Thomas"]
[Black "Wohlfahrt, Frank"]
[Result "1-0"]
[WhiteElo "1989"]
[BlackElo "1976"]
[PlyCount "79"]
[EventDate "2012.10.07"]
[EventType "team-tourn"]
[EventRounds "9"]
[EventCountry "GER"]
[SourceTitle "EXT 2019"]
[Source "ChessBase"]
[SourceDate "2018.10.10"]
[SourceVersion "1"]
[SourceVersionDate "2018.10.10"]
[SourceQuality "1"]
[WhiteTeam "Buechenbach/Roth II"]
[BlackTeam "Erlangen Siemens"]
[WhiteTeamCountry "GER"]
[BlackTeamCountry "GER"]

1. c4 e5 2. Nc3 d6 3. g3 Be6 4. Bg2 c6 5. d3 Nd7 6. Rb1 Ngf6 7. Nf3 h6 8. b4 a6 9. a4 d5 10. Nd2 Be7 11. 0-0 0-0 12. b5 axb5 13. axb5 Qc7 14. Bb2 d4 15. Nce4 Ne8 16. bxc6 bxc6 17. Nb3 Ra2 18. Nc1 Ra7 19. e3 f5 20. Nd2 dxe3 21. fxe3 Nd6 22. Qc2 Bf6 23. Ne2 Rd8 24. e4 Nc5 25. d4 Ndxe4 26. Nxe4 Nxe4 27. Bxe4 fxe4 28. Qxe4 Bxc4 29. dxe5 Bd3 30. Qg4 Bg5 31. Rbd1 Rb7 32. Bc3 c5 33. Rxd3 Rxd3 34. Qe6+ Kh7 35. Qf5+ Kg8 36. Qe6+ Kh7 37. Qf5+ Kg8 38. Qxd3 Qe7 39. Qd5+ Kh8 40. Nf4 1-0

[Event "Nuremberg LGA Cup 9th"]
[Site "Nuremberg"]
[Date "2012.09.08"]
[Round "5"]
[White "Kahlert, Thomas"]
[Black "Ross, Thomas"]
[Result "1-0"]
[WhiteElo "2229"]
[BlackElo "2035"]
[PlyCount "121"]
[EventDate "2012.09.06"]
[EventType "swiss"]
[EventRounds "7"]
[EventCountry "GER"]
[SourceTitle "CBM 150 Extra"]
[Source "ChessBase"]
[SourceDate "2012.10.19"]
[SourceVersion "1"]
[SourceVersionDate "2012.10.19"]
[SourceQuality "1"]

1. c4 d6 2. Nc3 e5 3. Nf3 f5 4. d4 e4 5. Ng5 Be7 6. Nh3 Be6 7. d5 Bf7 8. g3 Bf6 9. Bg2 Nd7 10. 0-0 Bxc3 11. bxc3 Ngf6 12. f3 0-0 13. Ng5 h6 14. Nxf7 Rxf7 15. Bh3 exf3 16. Bxf5 fxe2 17. Qxe2 Rf8 18. Be3 Nc5 19. Rae1 b6 20. Bd4 Nh7 21. Qc2 Nf6 22. Be6+ Kh8 23. Bh3 Nfd7 24. Rxf8+ Qxf8 25. Qg6 Ne5 26. Bxe5 dxe5 27. Bf5 Qg8 28. Rxe5 Rf8 29. g4 Nb7 30. Bd3 Nd6 31. Rh5 Rf6 32. Rxh6+ gxh6 33. Qxf6+ Qg7 34. Qd8+ Qg8 35. Qxg8+ Kxg8 36. Kf2 Kg7 37. Ke3 Kf6 38. Kf4 Ne8 39. h4 Ng7 40. g5+ hxg5+ 41. hxg5+ Ke7 42. Ke5 Ne8 43. Be2 Nd6 44. g6 Ne8 45. Bg4 Ng7 46. Be2 a5 47. Bd1 Ne8 48. Ba4 Ng7 49. d6+ cxd6+ 50. Kd5 Ne6 51. Kc6 Nc5 52. Bb5 Ne4 53. Kxb6 Nxc3 54. a3 a4 55. Ka5 d5 56. cxd5 Nxd5 57. Bc4 Ne3 58. Bd3 Nd1 59. Bc2 Ne3 60. Bxa4 Nc4+ 61. Kb4 1-0

[Event "Mittelfranken-chTB2b 1112"]
[Site "Germany"]
[Date "2012.02.05"]
[Round "6.1"]
[White "Ross, Thomas"]
[Black "Schatz, Christian"]
[Result "1/2-1/2"]
[WhiteElo "1943"]
[BlackElo "2148"]
[PlyCount "46"]
[EventDate "2011.09.25"]
[EventType "team-tourn"]
[EventRounds "9"]
[EventCountry "GER"]
[SourceTitle "EXT 2013"]
[Source "ChessBase"]
[SourceDate "2012.11.22"]
[SourceVersion "1"]
[SourceVersionDate "2012.11.22"]
[SourceQuality "1"]
[WhiteTeam "Buechenbach/Roth II"]
[BlackTeam "Schwanstetten"]
[WhiteTeamCountry "GER"]
[BlackTeamCountry "GER"]

1. e4 Nf6 2. Nc3 e5 3. Nf3 Bb4 4. d3 d5 5. exd5 Nxd5 6. Bd2 Nc6 7. Be2 0-0 8. Nxd5 Bxd2+ 9. Nxd2 Qxd5 10. Bf3 Qd6 11. Nc4 Qg6 12. Bxc6 Qxc6 13. 0-0 f6 14. Qe2 Be6 15. Ne3 Rae8 16. b3 f5 17. f3 Rf7 18. Rad1 b5 19. Kh1 g5 20. c4 h5 21. cxb5 Qxb5 22. Nc4 Bxc4 23. dxc4 Qc6 1/2-1/2

[Event "Mittelfranken-chTB2b 1112"]
[Site "Germany"]
[Date "2011.10.23"]
[Round "2.1"]
[White "Fischer, Juergen"]
[Black "Ross, Thomas"]
[Result "0-1"]
[WhiteElo "1904"]
[BlackElo "1928"]
[PlyCount "64"]
[EventDate "2011.09.25"]
[EventType "team-tourn"]
[EventRounds "9"]
[EventCountry "GER"]
[SourceTitle "EXT 2013"]
[Source "ChessBase"]
[SourceDate "2012.11.22"]
[SourceVersion "1"]
[SourceVersionDate "2012.11.22"]
[SourceQuality "1"]
[WhiteTeam "Lauf II"]
[BlackTeam "Buechenbach/Roth II"]
[WhiteTeamCountry "GER"]
[BlackTeamCountry "GER"]

1. e4 e5 2. Nf3 Nc6 3. Bc4 Bc5 4. b4 Bxb4 5. c3 Bc5 6. 0-0 d6 7. d4 exd4 8. cxd4 Bb6 9. Bb2 Bg4 10. Bb5 Kf8 11. Bxc6 bxc6 12. e5 Ne7 13. Nbd2 h6 14. Nc4 Be6 15. Ne3 Qd7 16. a4 a5 17. Ba3 d5 18. Qc2 g5 19. h3 Ke8 20. Rac1 Ng6 21. Ng4 Bxg4 22. hxg4 Qe6 23. g3 Ne7 24. Nh2 h5 25. Qd2 Qh6 26. f4 hxg4 27. e6 Bxd4+ 28. Kh1 fxe6 29. Bxe7 Kxe7 30. Rxc6 gxf4 31. Rxc7+ Kd6 32. Qc2 Qxh2+ 0-1

[Event "Mittelfranken-chTB2b 1011"]
[Site "Germany"]
[Date "2011.05.15"]
[Round "9.1"]
[White "Rausch, Wolfgang"]
[Black "Ross, Thomas"]
[Result "1/2-1/2"]
[WhiteElo "2080"]
[BlackElo "1891"]
[PlyCount "102"]
[EventDate "2010.09.26"]
[EventType "team-tourn"]
[EventRounds "9"]
[EventCountry "GER"]
[SourceTitle "EXT 2012"]
[Source "ChessBase"]
[SourceDate "2011.11.24"]
[SourceVersion "1"]
[SourceVersionDate "2011.11.24"]
[SourceQuality "1"]
[WhiteTeam "Nuernberg NT IV"]
[BlackTeam "Buechenbach/Roth II"]
[WhiteTeamCountry "GER"]
[BlackTeamCountry "GER"]

1. d4 d5 2. c4 e6 3. Nf3 Nf6 4. Bg5 Be7 5. Nbd2 0-0 6. e3 h6 7. Bf4 c5 8. cxd5 Nxd5 9. Bg3 Nc6 10. dxc5 Bxc5 11. a3 a5 12. Rc1 Be7 13. Ne5 Nxe5 14. Bxe5 Bf6 15. Bxf6 Qxf6 16. Qb3 a4 17. Qa2 Rd8 18. Qb1 b6 19. Nf3 Rb8 20. Be2 b5 21. b4 axb3 22. Qxb3 b4 23. Nd4 Bd7 24. Bf3 bxa3 25. Qxa3 e5 26. Bxd5 exd4 27. 0-0 Bb5 28. Bc4 Bxc4 29. Rxc4 d3 30. Rd1 d2 31. Kf1 Ra8 32. Ra4 Rac8 33. Rb4 Qd6 34. Qb3 Qxh2 35. Rb7 Qh1+ 36. Ke2 Qh5+ 37. f3 Qg6 38. g4 h5 39. Rxd2 Rxd2+ 40. Kxd2 hxg4 41. fxg4 Qd6+ 42. Ke2 Qh2+ 43. Kf3 Qh3+ 44. Kf2 Qh4+ 45. Kf3 Qf6+ 46. Ke2 Qg6 47. Kf3 Qf6+ 48. Ke2 Rc1 49. Kd2 Rg1 50. Rb8+ Kh7 51. Rh8+ Kxh8 1/2-1/2